Manual de las plantas de edificios / (Record no. 47053)

MARC details
000 -LEADER
campo de control de longitud fija 00611nam a2200181 i 4500
001 - NÚMERO DE CONTROL
campo de control 47053
003 - IDENTIFICADOR DE NÚMERO DE CONTROL
campo de control ES-MaACL
005 - FECHA Y HORA DE LA ÚLTIMA TRANSACCIÓN
campo de control 20230906161508.0
007 - CAMPO FIJO DE DESCRIPCIÓN FÍSICA--INFORMACIÓN GENERAL
campo de control de longitud fija t|
008 - DATOS DE LONGITUD FIJA--INFORMACIÓN GENERAL
campo de control de longitud fija 030403s1954 sp ||||1| spa d
100 1# - ENTRADA PRINCIPAL--NOMBRE DE PERSONA
Nombre de persona Contini, Giulio.
9 (RLIN) 40295
245 10 - MENCIÓN DEL TÍTULO
Título Manual de las plantas de edificios /
Mención de responsabilidad, etc. Giulio Contini, Giuseppe Tirelli ; [traducción directa del italiano por Pablo Uriarte].
260 ## - PUBLICACIÓN, DISTRIBUCIÓN, ETC.
Lugar de publicación, distribución, etc. Barcelona :
Nombre del editor, distribuidor, etc. A.H.R.,
Fecha de publicación, distribución, etc. [1954] (
Fabricante Estampa)
300 ## - DESCRIPCIÓN FÍSICA
Extensión 39 p., 50 lám. :
Otras características físicas il. ;
Dimensiones 34 cm.
700 1# - ENTRADA AGREGADA--NOMBRE PERSONAL
Nombre de persona Tirelli, Giuseppe.
9 (RLIN) 110326
700 1# - ENTRADA AGREGADA--NOMBRE PERSONAL
Nombre de persona Uriarte, Pablo.
9 (RLIN) 112151
852 ## - LOCALIZACIÓN
Ubicación ES-MaACL
Número de control de estantería B-1129
Sublocalización o colección R.36652
Holdings
Estatus retirado Estado de pérdida Estado de daño No para préstamo Biblioteca de origen Biblioteca actual Ubicación en estantería Fecha de adquisición Fuente de adquisición Total de préstamos Signatura topográfica completa Código de barras Visto por última vez Precio de reemplazo Tipo de ítem Koha
        Biblioteca del Ateneo de Madrid Biblioteca del Ateneo de Madrid Sala Pardo Bazán 17/01/2008     B-1129 1049492 23/02/2023 23/02/2023 Libro impreso